Úspešný príbeh slovenských diaľnic musí pokračovať V Európe nám vyjadrujú uznanie za mýtny systém a chcú sa od nás poučiť
O problematike výstavby diaľníc a úlohách Národnej diaľničnej spoločnosti hovorí generálny riaditeľ Národnej diaľničnej spoločnosti, a. s., Ing. Igor Choma.
Salvato in:
| Autore principale: | |
|---|---|
| Natura: | Capitolo di libro |
| Lingua: | slovacco |
| Soggetti: | |
| Tags: |
Nessun Tag, puoi essere il primo ad aggiungerne!!
|
MARC
| LEADER | 00000naa$a2200000$$$4500 | ||
|---|---|---|---|
| 001 | 0114255 | ||
| 005 | 20220725111703.8 | ||
| 041 | 0 | |a slo | |
| 044 | |a SK | ||
| 245 | 1 | 0 | |a Úspešný príbeh slovenských diaľnic musí pokračovať |b V Európe nám vyjadrujú uznanie za mýtny systém a chcú sa od nás poučiť |c Juraj Filin |
| 520 | |a O problematike výstavby diaľníc a úlohách Národnej diaľničnej spoločnosti hovorí generálny riaditeľ Národnej diaľničnej spoločnosti, a. s., Ing. Igor Choma. | ||
| 610 | 2 | 0 | |a manažéri |
| 610 | 2 | 0 | |a riaditelia |
| 610 | 2 | 0 | |a riadenie |
| 610 | 2 | 0 | |a diaľnice |
| 610 | 2 | 0 | |a siete cestné |
| 610 | 2 | 0 | |a sústava tarifná |
| 610 | 2 | 0 | |a poplatky |
| 610 | 2 | 0 | |a infraštruktúra dopravná |
| 610 | 2 | 0 | |a prostredie životné |
| 100 | 1 | |a Filin, Juraj | |